| 000 | 00629nam a2200217 a 4500 | ||
|---|---|---|---|
| 999 |
_c3879 _d3879 |
||
| 001 | 3879 | ||
| 003 | BD-JhCC | ||
| 005 | 20180402201317.0 | ||
| 008 | 171119s1984 bg a|||| |||| 00| 0 ben d | ||
| 035 | _a(BD-JhCC)3879 | ||
| 040 |
_aBD-JhCC _dBD-JhCC |
||
| 041 | _aben | ||
| 082 |
_a398.2 _bHAQ 1984 |
||
| 100 | _aহক, আহসানুল | ||
| 245 |
_aগ্রীসদেশের রূপকথা / _cআহসানুল হক |
||
| 260 |
_aঢাকা : _bবাংলা একাডেমী, _c1984. |
||
| 300 |
_a54 p. : _billu; _c24 cm. |
||
| 650 |
_aMythology _zGreek |
||
| 942 |
_2ddc _cBK |
||